Vocabulari del basquetbol: Recull de termes i definicions relacionats amb el basquetbol i l'arbitratge (Registre núm. 68046)

MARC details
000 -CABECERA
campo de control de longitud fija 00848nmm a22002657a 4500
005 - FECHA Y HORA DE LA ÚLTIMA TRANSACCIÓN
campo de control 20240611111233.0
008 - DATOS DE LONGITUD FIJA--INFORMACIÓN GENERAL
campo de control de longitud fija 220118s2013 cat
040 ## - FUENTE DE LA CATALOGACIÓN
Centro/agencia transcriptor termcat
041 ## - CÓDIGO DE LENGUA
Código de lengua del texto/banda sonora o título independiente cat
245 ## - MENCIÓN DE TÍTULO
Título Vocabulari del basquetbol: Recull de termes i definicions relacionats amb el basquetbol i l'arbitratge
Medio [en línia]
250 ## - MENCIÓN DE EDICIÓN
Mención de edición 2a ed.
260 ## - PUBLICACIÓN, DISTRIBUCIÓN, ETC.
Lugar de publicación, distribución, etc. Barcelona
Nombre del editor, distribuidor, etc. Federació Catalana de Basquetbol
Fecha de publicación, distribución, etc. 2013
300 ## - DESCRIPCIÓN FÍSICA
Extensión 82 p.
520 ## - SUMARIO, ETC.
Nombre de termes aprox. 500
546 ## - NOTA DE LENGUA/LENGUAJE
Llengües de les definicions català
591 ## - Codi de font
Codi de font VBASQ-E
592 ## - Tipus d'obra
Tipus d'obra Obra terminològica
593 ## - Codi de la CGAT
Codi de la CGAT VKA
650 #0 - PUNTO DE ACCESO ADICIONAL DE MATERIA--TÉRMINO DE MATERIA
9 (RLIN) 60729
Término de materia o nombre geográfico como elemento de entrada basquetbol
852 ## - LOCALIZACIÓN
Ubicación en estantería Biblioteca electrònica
856 ## - LOCALIZACIÓN Y ACCESO ELECTRÓNICOS
Identificador Uniforme del Recurso <a href="https://s3-eu-west-1.amazonaws.com/producciofcbq/recursos/documents/canal_arbitre/VOCABULARi.pdf">https://s3-eu-west-1.amazonaws.com/producciofcbq/recursos/documents/canal_arbitre/VOCABULARi.pdf</a>
902 ## - ELEMENTOS DE DATOS B LOCAL, LDB (RLIN)
a 220118
942 ## - ELEMENTOS DE PUNTO DE ACCESO ADICIONAL (KOHA)
Fuente del sistema de clasificación o colocación Clasificación Decimal Dewey
Tipo de ítem Koha Monografia
Suprimir en OPAC 0
Fons
Estado de retiro Estado de pérdida Fuente del sistema de clasificación o colocación Estado dañado No para préstamo Localización permanente Ubicación/localización actual Fecha de adquisición Total de préstamos Signatura topográfica completa Código de barras Fecha visto por última vez Identificador Uniforme del Recurso Precio válido a partir de Tipo de ítem Koha
    Clasificación Decimal Dewey     Termcat Termcat 18/01/2022   Biblioteca electrònica P_68045 18/01/2022 https://s3-eu-west-1.amazonaws.com/producciofcbq/recursos/documents/canal_arbitre/VOCABULARi.pdf 18/01/2022 Monografia